000 00620nam a2200193Ia 4500
008 140609s9999 xx 000 0 und d
020 _a9780735625617
050 _aTK 5105.875.I6
_b.Sa26 2009
100 _aSampson, Michael.
245 _aSeamless teamwork :
_busing Microsoft SharePoint technologies to collaborate, innovate, and drive business in new ways /
_cMichael Sampson
260 _aRedmond, Wash. :
_bMicrosoft,
_cc2009.
300 _a287 p. :
_bill. ;
_c23 cm.
500 _aIncludes index.
521 _aGE
650 _aWeb portals.
650 _aWeb servers.
942 _kFOR
_cBK
999 _c118024
_d118024